Water for Food Security, Nutrition and Social Justice (Record no. 6381)

MARC details
000 -LEADER
fixed length control field 00614nam a22002177a 4500
003 - CONTROL NUMBER IDENTIFIER
control field OSt
005 - DATE AND TIME OF LATEST TRANSACTION
control field 20191119101109.0
008 - FIXED-LENGTH DATA ELEMENTS--GENERAL INFORMATION
fixed length control field 191119b ||||| |||| 00| 0 eng d
020 ## - INTERNATIONAL STANDARD BOOK NUMBER
International Standard Book Number 9781138729186
040 ## - CATALOGING SOURCE
Transcribing agency DDC
082 ## - DEWEY DECIMAL CLASSIFICATION NUMBER
Classification number 333.9 WAT 2020
100 ## - MAIN ENTRY--PERSONAL NAME
Personal name Mehta, Lyla; [et...al]
9 (RLIN) 13060
245 ## - TITLE STATEMENT
Title Water for Food Security, Nutrition and Social Justice
260 ## - PUBLICATION, DISTRIBUTION, ETC. (IMPRINT)
Place of publication, distribution, etc. London;
Name of publisher, distributor, etc. Routledge,
Date of publication, distribution, etc. 2020
300 ## - PHYSICAL DESCRIPTION
Extent xviii,214p;
Other physical details Ill:
Dimensions 23.5cm
504 ## - BIBLIOGRAPHY, ETC. NOTE
Bibliography, etc Notes, References, & Index included
650 ## - SUBJECT ADDED ENTRY--TOPICAL TERM
Topical term or geographic name as entry element Food security
9 (RLIN) 13061
650 ## - SUBJECT ADDED ENTRY--TOPICAL TERM
Topical term or geographic name as entry element Social justices
9 (RLIN) 13062
650 ## - SUBJECT ADDED ENTRY--TOPICAL TERM
Topical term or geographic name as entry element Water
9 (RLIN) 9
942 ## - ADDED ENTRY ELEMENTS (KOHA)
Source of classification or shelving scheme Dewey Decimal Classification
Koha item type Open Shelf
Holdings
Withdrawn status Lost status Source of classification or shelving scheme Damaged status Not for loan Home library Current library Date acquired Source of acquisition Inventory number Total Checkouts Full call number Barcode Date last seen Koha item type
    Dewey Decimal Classification     MUST Main Library MUST Main Library 19/11/2019 Purchase 19/41158   333.9 WAT 2020 2019-0627 19/11/2019 Open Shelf
    Dewey Decimal Classification     MUST Main Library MUST Main Library 19/11/2019 Purchase 19/41159   333.9 WAT 2020 2019-0628 19/11/2019 Open Shelf